Statistics for Name the members of these Kpop groups

Click here to take the quiz!

General Stats

  • This quiz has been taken 98 times
  • The average score is 115 of 228

Answer Stats

HintAnswer% Correct
StaycJ
100%
SeventeenJun
99%
BTSV
99%
BTSJin
97%
BTSJungkook
97%
MamamooHwasa
96%
BlackpinkLisa
96%
BTSRM
96%
Golden ChildY
96%
TxTHuening Kai
94%
BTSJ-Hope
93%
BTSJimin
93%
BlackpinkRose
93%
BlackpinkJennie
92%
BTSSuga
92%
BlackpinkJisoo
90%
Exo | SuperMKai
89%
AteezSan
87%
SeventeenScoups
86%
MamamooSolar
86%
TxTSoobin
85%
ExoChen
83%
SeventeenDino
83%
TwiceMomo
82%
Red VelvetWendy
82%
MamamooMoonbyul
80%
TwiceTzuyu
80%
TxTYeonjun
80%
TxTBeomgyu
79%
Red VelvetIrene
79%
SeventeenJoshua
79%
Red VelvetJoy
79%
ItzyLia
79%
TwiceMina
79%
TwiceNayeon
79%
ItzyRyujin
79%
TxTTaehyun
79%
ItzyYeji
79%
SeventeenHoshi
77%
TwiceJihyo
77%
ItzyYuna
77%
SeventeenMingyu
76%
Red VelvetSeulgi
76%
SeventeenThe8
76%
SeventeenVernon
76%
NMixxBae
75%
SeventeenDK
75%
TwiceSana
75%
SeventeenWoozi
75%
TwiceDahyun
73%
MamamooWheein
73%
Red VelvetYeri
73%
ItzyChaeryeong
72%
Fromis_9 | TwiceChaeyoung
72%
SeventeenJeonghan
72%
SeventeenWonwoo
72%
EverglowEU
70%
AteezMingi
70%
SeventeenSeungkwan
70%
Got7 | NCT 127 | NCT-Dream | SuperMMark
69%
Stray KidsBangchan
68%
TwiceJeongyeon
68%
IVEWonyoung
68%
Stray KidsHan
66%
Le SserafimSakura
66%
Le SserafimChaewon
65%
ExoD.O.
65%
Stray KidsFelix
65%
Shinee | SuperMTaemin
65%
AteezWooyoung
65%
Le SserafimEunchae
63%
EnhypenJay
63%
NMixxLily
63%
Golden Child | Stray KidsSeungmin
63%
Stray KidsHyunjin
62%
Stray KidsI.N
62%
EnhypenJake
62%
Le SserafimKazuha
62%
(G)I-dleMinnie
62%
EnhypenNi-ki
62%
AteezSeonghwa
62%
EnhypenSunghoon
62%
AespaWinter
62%
AteezYeosang
62%
AteezYunho
62%
Le SserafimYunjin
62%
Stray KidsChangbin
61%
AteezHongjoong
61%
AteezJongho
61%
EnhypenJungwon
61%
Stray KidsLee Know
61%
(G)I-dleShuhua
61%
(G)I-dleSoyeon
61%
IVE | Kep1erYujin
61%
(G)I-dleYuqi
61%
Exo | SuperMBaekhyun
59%
EnhypenHeeseung
59%
AespaKarina
59%
IVELiz
59%
(G)I-dleMiyeon
59%
AespaNingning
59%
EnhypenSunoo
59%
IVERei
58%
IVEGaeul
56%
AespaGiselle
56%
IVELeeseo
56%
SuperMLucas
54%
ExoSehun
54%
ExoSuho
54%
EverglowAisha
52%
ExoChanyeol
51%
ShineeKey
51%
NCT 127 | SuperMTaeyong
51%
SuperM | WayvTen
51%
ExoXiumin
51%
Kard | NMixxJiwoo
49%
KardBM
48%
ShineeMinho
48%
Kep1erXiaoting
46%
StaycYoon
46%
Kep1erBahiyyih
45%
BilllieTsuki
45%
Got7Bambam
42%
NMixxHaewon
42%
NCT 127Johnny
42%
BilllieMoonsua
42%
ShineeOnew
42%
NCT-DreamChenle
41%
StaycIsa
41%
Golden Child | NCT 127Jaehyun
41%
NCT-DreamJeno
41%
ExoLay
41%
EverglowMia
41%
EverglowOnda
41%
Fromis_9Jisun
39%
NMixxKyujin
39%
NCT-DreamRenjun
39%
DreamcatcherSua
39%
NCT-DreamJaemin
38%
NCT-DreamJisung
38%
StaycSumin
38%
NCT 127Yuta
38%
EverglowYiren
37%
DreamcatcherDami
35%
NCT 127 | NCT-DreamHaechan
35%
StaycSieun
35%
NCT 127Taeil
35%
WayvWinwin
35%
WayvYangyang
35%
StaycSeeun
34%
WayvHendery
32%
Kep1erMashiro
32%
Kep1erHikaru
31%
NCT 127Jungwoo
31%
WayvKun
31%
KardSomin
31%
WayvXiaojun
31%
NCT 127Doyoung
30%
Kep1erDayeon
28%
EverglowSihyeon
28%
Got7Jackson Wang
27%
KardJseph
27%
Kep1erChaehyun
24%
Purple
Kiss
Swan
24%
Kep1erYeseo
24%
Kep1erYoungeun
24%
Got7Jinyoung
23%
DreamcatcherHandong
21%
BilllieHaruna
21%
DreamcatcherSiyeon
21%
OneusHwanwoong
20%
OneusLeedo
20%
DreamcatcherGahyeon
18%
DreamcatcherJiU
18%
OneusXion
18%
Got7Young-Jae
18%
Fromis_9Jiwon
17%
OneusKeonhee
17%
OneusSeoho
17%
Purple
Kiss
Yuki
17%
BilllieHaram
15%
Got7Jay B
15%
Fromis_9Seoyeon
15%
DreamcatcherYoohyeon
15%
Purple
Kiss
Dosie
14%
Fromis_9Jiheon
14%
Fromis_9Nagyung
14%
BilllieSheon
14%
BilllieSiyoon
14%
BilllieSuhyeon
14%
Fromis_9Hayoung
13%
Fifty FiftyKeena
13%
Golden ChildTag
13%
Golden ChildBomin
11%
Purple
Kiss
Chaein
11%
Purple
Kiss
Ireh
11%
Fifty FiftyAran
8%
Purple
Kiss
Na Goeun
8%
Fifty FiftySio
8%
Golden ChildJoochan
7%
Golden ChildDonghyun
6%
VictonHanse
6%
Golden ChildJangjun
6%
Got7Kim Yugyeom
6%
VictonSeungwoo
6%
VictonSubin
6%
VictonByungchan
4%
Golden ChildDaeyeol
4%
Golden ChildJibeom
4%
Fifty FiftySaena
4%
Fromis_9Searom
4%
VictonSejun
4%
NMixxSullyhoon
4%
VictonSeungsik
3%

Score Distribution

Percentile by Number Answered

Percent of People with Each Score

Your Score History

You have not taken this quiz